| 000 | 00622nam a2200217 i 4500 | ||
|---|---|---|---|
| 001 | bgj | ||
| 100 | 1 | _aAARON, Jane E. | |
| 245 | 1 | 0 |
_aThe Compact Reader : _bsubject, styles, and strategies / _cJane E. Aaron. |
| 260 |
_aBoston : _bBedford Books of St. Martin's Press, _cc. 1990. |
||
| 300 |
_aXVI, 398 pp ; _c21 cm. |
||
| 505 | _aIncludes glossary. | ||
| 650 | 9 | _aCollege readers | |
| 650 | 9 |
_aEnglish language _xRhetoric |
|
| 655 | _aProblems, exercises, etc. | ||
| 020 | _a0312028504 | ||
| 040 | _cBPK | ||
| 041 | 0 | _aeng | |
| 920 | _a0-312-02850-4 | ||
| 942 | _cKS | ||
| 008 | s uk f |000 0 eng | ||
| 999 |
_c47398 _d47398 |
||